00326nam a2200121Ia 4500008004100000100001900041245005800060260004100118300000900159650001400168942000700182999001500189190216s9999||||xx |||||||||||||| ||und|| aMurray C. Kemp 4aThe Pure Theory Of International Trade And Investment bPrentice Hall Of India Pvt Ltdc1971 a359p aEconomics cBK c9473d9473